Formas de volver a casa.
সংরক্ষণ করুন:
| প্রধান লেখক: | |
|---|---|
| বিন্যাস: | অজ্ঞাত |
| প্রকাশিত: |
Barcelona, España:
Anagrama,
2024.
|
| সংস্করন: | Decimosexta edición en "Compactos". |
| মালা: | Colección Compactos
|
| বিষয়গুলি: | |
| ট্যাগগুলো: |
ট্যাগ যুক্ত করুন
কোনো ট্যাগ নেই, প্রথমজন হিসাবে ট্যাগ করুন!
|
MARC
| LEADER | 00000 a2200000 4500 | ||
|---|---|---|---|
| 003 | CL-VaPUC | ||
| 005 | 20250423162040.0 | ||
| 008 | 250411t2024 ||||| |||| 00| 0 spa d | ||
| 999 | |c 449033 |d 449031 | ||
| 020 | |a 978-84-339-7743-4 | ||
| 040 | |c Pontificia Universidad Católica de Valparaíso | ||
| 082 | 7 | |2 22 |a Ch863 ZAM 2024 | |
| 100 | |a Zambra Infantas, Alejandro, |9 559916 |d 1975- |e autor | ||
| 245 | |a Formas de volver a casa. | ||
| 250 | |a Decimosexta edición en "Compactos". | ||
| 260 | |a Barcelona, España: |b Anagrama, |c 2024. | ||
| 300 | |a 164 páginas. | ||
| 440 | |a Colección Compactos |9 901939 | ||
| 583 | |k GC |c 20250411 | ||
| 650 | 0 | |a Novelas chilenas |9 265425 | |
| 650 | 0 | |a Literatura chilena |9 308278 | |
| 942 | |2 ddc |c BK | ||
| 952 | |0 0 |1 0 |2 ddc |4 0 |6 CH_863_000000000000000_ZAM_2024 |7 0 |8 R |9 602359 |a BIBEDU |b BIBEDU |c MCIRC |d 2025-04-09 |e 1 |g 19152.20 |i 5667177 |o Ch863 ZAM 2024 |p 5667177 |r 2025-04-09 |t 2 |v 19152.20 |w 2025-04-09 |y BK_R |k LIT | ||
| 952 | |0 0 |1 0 |2 ddc |4 0 |6 CH_863_000000000000000_ZAM_2024 |7 0 |8 R |9 602360 |a BIBEDU |b BIBEDU |c MCIRC |d 2025-04-09 |e 1 |g 19152.20 |i 5667176 |o Ch863 ZAM 2024 |p 5667176 |r 2025-04-09 |t 1 |v 19152.20 |w 2025-04-09 |y BK_R |k LIT | ||